ابن تيمية واسلامية المعرفة ;; ibn taymiat waslamiat almaerifat / (Record no. 79237)
[ view plain ]
| 000 -LEADER | |
|---|---|
| fixed length control field | 01147nam a2200265 a 4500 |
| 001 - CONTROL NUMBER | |
| control field | 79237 |
| 003 - CONTROL NUMBER IDENTIFIER | |
| rucl marc code | BD-RjUL |
| 005 - DATE AND TIME OF LATEST TRANSACTION | |
| control field | 20220120130344.0 |
| 008 - FIXED-LENGTH DATA ELEMENTS--GENERAL INFORMATION | |
| fixed length control field | 080326s1995 vau 000 0 ara d |
| 020 ## - INTERNATIONAL STANDARD BOOK NUMBER | |
| International Standard Book Number | 1565642023 |
| 035 ## - SYSTEM CONTROL NUMBER | |
| System control number | (BD-RjUL)79237 |
| 040 ## - CATALOGING SOURCE | |
| Original cataloging agency | NNL |
| Transcribing agency | BD-RjUL |
| Language of cataloging | eng |
| 041 0# - LANGUAGE CODE | |
| Language code of text/sound track or separate title | ara |
| 082 ## - DEWEY DECIMAL CLASSIFICATION NUMBER | |
| Edition number | 23 |
| Classification number | 297.1978092 |
| Author mark and year | ALI 1995 |
| 100 1# - MAIN ENTRY--PERSONAL NAME | |
| Personal name | العلواني، طه جابر فياض، ;; Al-Alwani, Taha Jaber Fayadh, |
| Dates associated with a name | 1935- |
| 9 (RLIN) | 846 |
| 245 10 - TITLE STATEMENT | |
| Title | ابن تيمية واسلامية المعرفة ;; ibn taymiat waslamiat almaerifat / |
| Statement of responsibility, etc. | طه جابر العلواني. |
| 250 ## - EDITION STATEMENT | |
| Edition statement | الطبعة الثانية |
| 260 ## - PUBLICATION, DISTRIBUTION, ETC. (IMPRINT) | |
| Place of publication, distribution, etc. | هيرندن (فيرجينيا) : |
| Name of publisher, distributor, etc. | المعهد العالمي للفكر الاسلامي، |
| Date of publication, distribution, etc. | ١٩٩٥م ١٤١٥هج. |
| 300 ## - PHYSICAL DESCRIPTION | |
| Pagination | ٨٣ص. |
| 490 1# - SERIES STATEMENT | |
| Series statement | سلسلة اسلامية المعرفة ؛ |
| Volume/sequential designation | ١٣ |
| 600 14 - SUBJECT ADDED ENTRY--PERSONAL NAME | |
| Personal name | ابن تيمية، احمد بن عبد الحليم، ;; Ibn Taymiyyah, Ahmad Ibn Abd al-Halim, |
| Dates associated with a name | 1263-1328 |
| 710 2# - ADDED ENTRY--CORPORATE NAME | |
| Corporate name or jurisdiction name as entry element | المعهد العالمي للفكر الاسلامي |
| 9 (RLIN) | 848 |
| 830 #0 - SERIES ADDED ENTRY--UNIFORM TITLE | |
| Uniform title | سلسلة اسلامية المعرفة ; |
| Volume number/sequential designation | ١٣. |
| 942 ## - ADDED ENTRY ELEMENTS (KOHA) | |
| Source of classification or shelving scheme | Dewey Decimal Classification |
| Koha item type | Books |
| Lost status | Source of classification or shelving scheme | Damaged status | Not for loan | Collection code | Permanent Location | Current Location | Shelving location | Date acquired | Source of acquisition | Total Checkouts | Full call number | Date last seen | Copy number | Koha item type |
|---|---|---|---|---|---|---|---|---|---|---|---|---|---|---|
| Dewey Decimal Classification | Not For Loan | Non-fiction | Central Library, University of Rajshahi | Central Library, University of Rajshahi | Reading Room | 30/09/1996 | The International Institute of Islamic Thought, Dhaka, Bangladesh | A 297.1978092 ALI 1995 | 20/01/2022 | C-1 | Books |